Malaysia costs of doing business.
| Corporate Author: | |
|---|---|
| Format: | Book |
| Published: |
Kuala Lumpur:
MIDA,
2009.
|
| Subjects: |
| LEADER | 00519cam a2200157 7i4500 | ||
|---|---|---|---|
| 001 | 0000024096 | ||
| 005 | 20100122090000.0 | ||
| 090 | 0 | 0 | |a M 380.1 |b MAL |
| 110 | 2 | 0 | |a The Malaysian Industrial Development Authority (MIDA) |
| 245 | 2 | 0 | |a Malaysia costs of doing business. |
| 260 | 0 | 0 | |a Kuala Lumpur: |b MIDA, |c 2009. |
| 300 | # | # | |a 34 p. |
| 650 | 0 | 0 | |a Business -- |x Finance -- |z Malaysia |
| 651 | 0 | 0 | |a Malaysia |
| 999 | |a 0000025866 |b Book |c Malaysia |e Business Information Centre | ||
| 999 | |a 0000025865 |b Book |c Malaysia |e Business Information Centre | ||